MARC

LEADER 00000nam0a2200000 4500
001 268710
005 20231031224223.0
035 |a (RuTPU)RU\TPU\book\291864 
090 |a 268710 
100 |a 20140908d1986 k y0rusy50 ca 
101 0 |a rus 
102 |a RU 
105 |a a z 001zy 
200 1 |a Химическая технология древесины  |e межвузовский сборник научных трудов  |f Ленинградская лесотехническая академия (ЛЛА) ; под ред. А. И. Киприанова 
210 |a Ленинград  |c Изд-во ЛТА  |d 1986 
215 |a 128 с.  |c ил. 
320 |a Библиография в конце статей 
606 1 |a Древесина  |x Химия  |2 stltpush  |3 (RuTPU)RU\TPU\subj\10123 
610 1 |a химическая технология 
610 1 |a переработка 
610 1 |a оборудование 
610 1 |a сульфатное мыло 
610 1 |a биохимический состав 
610 1 |a заготовка 
610 1 |a древесная биомасса 
610 1 |a целлюлоза 
610 1 |a терпены 
675 |a 674.03  |v 3 
702 1 |a Киприанов  |b А. И.  |g Алексей Иванович  |4 340 
712 0 2 |a Ленинградская лесотехническая академия (ЛЛА)  |c (1929-1992)  |2 stltpush  |3 (RuTPU)RU\TPU\col\15444 
801 1 |a RU  |b 63413507  |c 20140908 
801 2 |a RU  |b 63413507  |c 20170221  |g RCR 
942 |c BK